书目信息 |
| 题名: |
新时代人事工作与档案管理研究
|
|
| 作者: | 魏娟 著 | |
| 分册: | ||
| 出版信息: | 长春 吉林科学技术出版社 2020 |
|
| 页数: | 243页 | |
| 开本: | 25cm | |
| 丛书名: | ||
| 单 册: | ||
| 中图分类: | D630.1 , G275.9 | |
| 科图分类: | ||
| 主题词: | 人事工作--ren shi gong zuo--研究--中国 , 人事档案--ren shi dang an--档案管理--研究--中国 | |
| 电子资源: | ||
| ISBN: | 978-7-5578-5498-0 | |
| 000 | 01028nam0 2200253 450 | |
| 001 | 2131755653 | |
| 005 | 20210930094415.0 | |
| 010 | @a978-7-5578-5498-0@dCNY70.00 | |
| 100 | @a20200520d2020 em y0chiy0120 ea | |
| 101 | 0 | @achi |
| 102 | @aCN@b220000 | |
| 105 | @aa z 000yy | |
| 106 | @ar | |
| 200 | 1 | @a新时代人事工作与档案管理研究@Axin shi dai ren shi gong zuo yu dang an guan li yan jiu@f魏娟著 |
| 210 | @a长春@c吉林科学技术出版社@d2020 | |
| 215 | @a243页@c图@d25cm | |
| 330 | @a本书具体涉及新时代人事工作概述、人员招聘与录用、人力资源培训与开发、员工绩效考核、员工薪酬设计、人事档案管理、人事档案的一般管理方法、人事档案管理的规范化与信息化、干部和流动人员的人事档案管理等内容。本书对各个单位人事部门的工作者更好地开展人事工作具有重要指导意义。 | |
| 606 | 0 | @a人事工作@Aren shi gong zuo@x研究@y中国 |
| 606 | 0 | @a人事档案@Aren shi dang an@x档案管理@x研究@y中国 |
| 690 | @aD630.1@v5 | |
| 690 | @aG275.9@v5 | |
| 701 | 0 | @a魏娟@Awei juan@4著 |
| 801 | 0 | @aCN@b百万庄@c20210930 |
| 905 | @b1303914-17@dD630.1@e415@f4 | |
| 新时代人事工作与档案管理研究/魏娟著.-长春:吉林科学技术出版社,2020 |
| 243页:图;25cm |
| ISBN 978-7-5578-5498-0:CNY70.00 |
| 本书具体涉及新时代人事工作概述、人员招聘与录用、人力资源培训与开发、员工绩效考核、员工薪酬设计、人事档案管理、人事档案的一般管理方法、人事档案管理的规范化与信息化、干部和流动人员的人事档案管理等内容。本书对各个单位人事部门的工作者更好地开展人事工作具有重要指导意义。 |
| ● |
| 相关链接 |
|
|
|
|
正题名:新时代人事工作与档案管理研究
索取号:D630.1/415
 
预约/预借
| 序号 | 登录号 | 条形码 | 馆藏地/架位号 | 状态 | 备注 |
| 1 | 1303914 | 213039148 | 第一样本阅览室/ [索取号:D630.1/415] | 在馆 | |
| 2 | 1303915 | 213039157 | 第一借阅区/ [索取号:D630.1/415] | 在馆 | |
| 3 | 1303916 | 213039166 | 第一借阅区/ [索取号:D630.1/415] | 在馆 | |
| 4 | 1303917 | 213039175 | 第一借阅区/ [索取号:D630.1/415] | 在馆 |